| 000 | 00871nam a2200229 a 4500 | ||
|---|---|---|---|
| 001 | 093762 | ||
| 003 | BD-ChCU | ||
| 005 | 20260514101114.0 | ||
| 008 | 260514016 abg b 002 ben | ||
| 020 | _a9789846700045 | ||
| 040 |
_aDLC _cDLC _dBD-ChCU |
||
| 082 | 0 | 0 | _a৬১৫.৩২১/বিল্লা৮ উ |
| 100 |
_aবিল্লাহ, মাসুম । _c _922985 |
||
| 245 | 0 | 0 |
_aউদ্ভিদ ও স্বাস্থ্য/ _cমাসুম বিল্লাহ |
| 246 | 0 | 0 | _aShikha abong shikhok : |
| 260 |
_aচট্টগ্রাম: _cঅক্ষরবৃত্ত, _c২০২৬ |
||
| 300 | _a৬৪পৃ: | ||
| 504 | _aIncludes index and bibliograpy. | ||
| 650 | 0 |
_aউদ্ভিদ ও স্বাস্থ্য _922977 |
|
| 650 | 0 |
_aউদ্ভিদ ও স্বাস্থ্য _922989 |
|
| 942 |
_2ddc _cBK |
||
| 999 |
_c112970 _d112970 |
||